000 00651nam a2200229 a 4500
001 13983
003 BD-JhCC
005 20240520195926.0
008 240520b2020 b |||| ||a| 000 0 d
020 _a9789848034453
035 _a(BD-JhCC)13983
040 _aBD-JhCC
_dBD-JhCC
041 _abengali
082 _a823.912
_bAHM 2020
100 _aআহমদ ,মোশতাক
245 _aডুবোজাহাজের ডানা /
_cমোশতাক আহমদ ।
260 _aঢাকা:
_bকবিতা ভবন;
_c2020.
300 _a64 p. :
_c16 cm.
650 _aScience Fiction
942 _2ddc
_cBK
999 _c13983
_d13983